The law of nations: an introduction to international law

محفوظ في:
التفاصيل البيبلوغرافية
المؤلف الرئيسي: Fawcett, J.E.S
التنسيق: كتاب
منشور في: London : Allen Lane The Penguin Press, 1968
الموضوعات:
الوسوم: إضافة وسم
لا توجد وسوم, كن أول من يضع وسما على هذه التسجيلة!

MARC

LEADER 00000nam a2200000 4500
020 |a NA 
040 |a MUL  |b eng.  |e AACR 
082 |a 341 FAW 
100 |a Fawcett, J.E.S.  
245 |a The law of nations:   |b an introduction to international law  |c / by J.E.S. Fawcett 
260 |a London :   |b Allen Lane The Penguin Press,   |c 1968 
300 |a 195 p. :   |c 23cm 
504 |a Includes index 
546 |a eng 
650 |a Intenational law 
650 |a International relations 
942 |c BK 
999 |c 704  |d 704